Normal view
MARC view
- Emotion
Entry Topical Term
001 - CONTROL NUMBER
- control field: 544
003 - CONTROL NUMBER IDENTIFIER
- control field: OSt
005 - DATE AND TIME OF LATEST TRANSACTION
- control field: 20101126093946.0
008 - FIXED-LENGTH DATA ELEMENTS
- fixed length control field: 101126|||a|||||| | ||| d
040 ## - CATALOGING SOURCE
- Original cataloging agency: OSt
- Transcribing agency: OSt
150 ## - HEADING--TOPICAL TERM
- Topical term or geographic name as entry element: Emotion
670 ## - SOURCE DATA FOUND
- Source citation: Work cat.: (OSt): Warga, Richard G 541, Personal awareness; a psychology of adjustment, 1983c.
670 ## - SOURCE DATA FOUND
- Source citation: Work cat.: (OSt): Warga, Richard G 541, Personal awareness; a psychology of adjustment, 1983c.
